00409nam a22001337a 450000500170000000800410001704100150005808200150007310000150008824501070010326000090021030000310021965000250025020231026092107.0231026b |||||||| |||| 00| 0 eng d aAfrikaans  a346.7 SOU  lAfrikaans  aSuid-Afrikaanse Regskommissie Ondersoek na die regsgevolge van opskortende voorwaardes by koopkontrak  c1986 bvi, 23 pages ; c25, 8 cm. aLegal practice bLaw